LEADER 01395nam a2200265 i 4500 001 000000046968 003 CaOOAMICUS 005 20240209093731.0 008 160129s1720 it u000 u ita u 013 $a18138 026 $ae-i- eder r-se gosc (3) 1720 (R) 040 $aSeMil$bita 245 10$aRistretto della vita del glorioso martire s. Pietro dell'ordine de' predicatori, protettore della cittą di Cremona, Napoli etc. Con una succinta notizia d'altri Santi protettori della cittą .. 260 $aIn Cremona :$bNella Stamperia di Pietro Ricchini,$c1720. 300 $a[8], 62 p., [1] c. di tav. ;$c4°. 500 $aIniz., fregi e finalini xilogr. 500 $aSegn.: *4 A-D8 (D8 bianca) 650 4$aPietro : da Verona .$0(OLS)http://semarc/subject/5398 700 1 $aRicchini, Pietro,$c.$0(OLS)http://semarc/name/18909 850 $aSeMil 852 $aSeMil$W1$xVenegono$y1$m3H IV 103 FA$j13123$B13123$CSeMilBibl$Z2$F13123 $8I 961 $aOmaggio: Biblioteca Villoresi 996 $6245$aRistretto della vita del glorioso martire s. Pietro dell'ordine de' predicatori, protettore della cittą di Cremona, Napoli etc. Con una succinta notizia d'altri Santi protettori della cittą ..$9(OLS)http://semarc/title/70497 996 $6260$aIn Cremona :$bNella Stamperia di Pietro Ricchini$9(OLS)http://semarc/publisher/40851 LEADER 00897nam a2200229 i 4500 001 000000099440 003 CaOOAMICUS 005 20180122000000.0 008 180122n it u000 u ita u 013 $a71592 040 $aSeMil$bita 245 10$aPortus Laetitiae :$bpanorama sul "Porlezzese" secondo don Francantonio. 260 $a[S.l. :$bs.n.],$c20?] 300 $a51 p. :$bill. ;$c21 cm. 500 $aIn copertina: Omaggio al neo Arcivescovo Ecc.za Mons. Mario Delpini. 650 4$aPorlezza.$0(OLS)http://semarc/subject/31258 850 $aSeMil 852 $aSeMil$W1$xVenegono$y1$m5B III 51/12$j56933$B56933$CSeMilBibl$Z2$F66951 $81 941 1 $a7 961 $aOmaggio: Delpini mons. Mario 996 $6245$aPortus Laetitiae :$bpanorama sul "Porlezzese" secondo don Francantonio$9(OLS)http://semarc/title/406490 996 $6260$a[S.l. :$bs.n.]$9(OLS)http://semarc/publisher/29751